MARC

LEADER 00000nam0a2200000 4500
001 327438
005 20231102003947.0
035 |a (RuTPU)RU\TPU\book\353109 
035 |a RU\TPU\book\353108 
090 |a 327438 
100 |a 20170130d1978 k y0rusy50 ca 
101 0 |a rus 
102 |a RU 
105 |a a z 001zy 
200 1 |a Охрана окружающей среды в металлургии  |f Московский государственный институт стали и сплавов (МИСиС) ; под ред. П. И. Полухина 
210 |a Москва  |c Металлургия  |d 1978 
215 |a 144 с.  |c ил. 
225 1 |a Научные труды [МИСиС]  |v № 114 
320 |a Библиогр. в конце ст. 
606 1 |a Отходящие газы металлургических заводов  |x Очистка  |2 stltpush  |3 (RuTPU)RU\TPU\subj\47852  |9 66761 
610 1 |a металлургия 
610 1 |a окружающая среда 
610 1 |a сточные воды 
610 1 |a промышленные стоки 
610 1 |a водное хозяйство 
610 1 |a промышленные газы 
610 1 |a железосодержащие шламы 
610 1 |a утилизация 
610 1 |a газовые выбросы 
610 1 |a пыль 
610 1 |a фильтры 
610 1 |a зернистые фильтры 
610 1 |a трубы Вентури 
610 1 |a очистные устройства 
610 1 |a охрана 
675 |a 669.013:628  |v 3 
702 1 |a Полухин  |b П. И.  |4 340 
712 0 2 |a Московский государственный институт стали и сплавов (МИСиС)  |2 stltpush  |3 (RuTPU)RU\TPU\col\180 
801 1 |a RU  |b 63413507  |c 20100330 
801 2 |a RU  |b 63413507  |c 20170309  |g RCR 
942 |c BK